| 000 | 01663cam a22003735i 4500 | ||
|---|---|---|---|
| 999 |
_c8826 _d8826 |
||
| 003 | EG-ScBUE | ||
| 005 | 20200106161327.0 | ||
| 008 | 190729t20082008 a f d 001 0 eng d | ||
| 020 | _a0131584626 | ||
| 020 | _a9780131584624 | ||
| 035 | _a(OCoLC)ocm81940504 | ||
| 035 | _a(OCoLC)81940504 | ||
| 040 |
_aEG-ScBUE _beng _erda _cEG-ScBUE _dEG-ScBUE |
||
| 082 | 0 | 4 |
_a808.042 _bFUL _222 |
| 100 | 1 |
_aFulwiler, Toby, _d1942- _eauthor. |
|
| 245 | 1 | 4 |
_aThe college writer's reference / _cToby Fulwiler, University of Vermont, Alan R. Hayakawa, The Patriot-News, Harrisburg, Pennsylvania. |
| 250 | _afifth edition. | ||
| 264 | 1 |
_aUpper Saddle River, New Jersey : _bPearson Education, _c[2008] |
|
| 264 | 4 | _cc2008 | |
| 300 |
_axiv, 507 pages : _billustrations (some col.) ; _c21 cm |
||
| 336 |
_atext _btxt _2rdacontent |
||
| 337 |
_aunmediated _bn _2rdamedia |
||
| 338 |
_avolume _bnc _2rdacarrier |
||
| 500 | _aIncludes glossary. | ||
| 500 | _aIncludes index. | ||
| 520 | _aThis brief handbook offers the most focus on the writing process. The entire book is also available on the Internet, where it is fully searchable and customizable. This writing handbook focuses on the writing process, the research process, document design, clarity, punctuation, grammar, and documentation. This is a perfect reference for anyone wanting to produce effective written communications. | ||
| 590 | _aamira yasser | ||
| 650 | 7 |
_aEnglish language _xRhetoric _vHandbooks, manuals, etc. _2BUEsh _97500 |
|
| 650 | 7 |
_aReport writing _vHandbooks, manuals, etc. _2BUEsh _97502 |
|
| 651 | _2BUEsh | ||
| 653 | _bHHUUEENN | ||
| 700 | 1 |
_aHayakawa, Alan R., _eauthor. |
|
| 942 |
_cBB _2ddc |
||